000 00634nam a22002057a 4500
005 20251108174957.0
008 250721s2010 xx 000 0 ara d
082 1 4 _a956.404/أشع
100 1 _aالأشعل، عبدالله
245 1 0 _aمخاطر الشقاق على القضية الفلسطينية /
264 1 _aالقاهرة :
_bمكتبة جزيرة الورد،
_c2010.
300 _a175ص.
650 1 7 _aالقضية الفلسطينية
650 1 7 _aفلسطين
650 1 7 _aحماس
650 1 7 _aحركات التحرير الوطني
650 1 7 _aالخلاف
942 _2ddc
_cBK
999 _c122998
_d122998